De las tallas perineales y del cateterismo perineal forzado / (Record no. 44455)

MARC details
000 -LEADER
campo de control de longitud fija 00772nam a2200217 i 4500
001 - NÚMERO DE CONTROL
campo de control 44455
003 - IDENTIFICADOR DE NÚMERO DE CONTROL
campo de control ES-MaACL
005 - FECHA Y HORA DE LA ÚLTIMA TRANSACCIÓN
campo de control 20230906161033.0
007 - CAMPO FIJO DE DESCRIPCIÓN FÍSICA--INFORMACIÓN GENERAL
campo de control de longitud fija t|
008 - DATOS DE LONGITUD FIJA--INFORMACIÓN GENERAL
campo de control de longitud fija 030321s1867 sp ||||1| spa d
100 1# - ENTRADA PRINCIPAL--NOMBRE DE PERSONA
Nombre de persona Ceballos, Juan.
9 (RLIN) 37275
245 10 - MENCIÓN DEL TÍTULO
Título De las tallas perineales y del cateterismo perineal forzado /
Mención de responsabilidad, etc. por el Doctor D. Juan Ceballos.
260 ## - PUBLICACIÓN, DISTRIBUCIÓN, ETC.
Lugar de publicación, distribución, etc. Cádiz :
Nombre del editor, distribuidor, etc. [s.n.],
Fecha de publicación, distribución, etc. 1867 (
Fabricante Tip. de la Paz, a cargo de José M. Velasco)
300 ## - DESCRIPCIÓN FÍSICA
Extensión 407 p. ;
Dimensiones 25 cm.
530 ## - NOTA DISPONIBLE DE FORMULARIO FÍSICO ADICIONAL
Nota de formato físico adicional disponible Disponible en formato digital.
650 #4 - PUNTO DE ACCESO ADICIONAL DE MATERIA--TÉRMINO DE MATERIA
Término de materia o nombre geográfico como elemento de entrada Periné-
Subdivisión general Cirugía.
9 (RLIN) 171295
650 #4 - PUNTO DE ACCESO ADICIONAL DE MATERIA--TÉRMINO DE MATERIA
Término de materia o nombre geográfico como elemento de entrada Vejiga-
Subdivisión general Cirugía.
9 (RLIN) 166437
650 00 - PUNTO DE ACCESO ADICIONAL DE MATERIA--TÉRMINO DE MATERIA
Término de materia o nombre geográfico como elemento de entrada Cateterismo.
9 (RLIN) 10854
852 ## - LOCALIZACIÓN
Ubicación ES-MaACL
Número de control de estantería T-620-F-1
856 ## - LOCALIZACIÓN Y ACCESO ELECTRÓNICOS
Identificador Uniforme de Recursos <a href="http://bdh-rd.bne.es/viewer.vm?id=0000056081&page=1 ">http://bdh-rd.bne.es/viewer.vm?id=0000056081&page=1 </a>
Nota pública Biblioteca Digital Hispánica
Holdings
Estatus retirado Estado de pérdida Estado de daño No para préstamo Colección Biblioteca de origen Biblioteca actual Ubicación en estantería Fecha de adquisición Fuente de adquisición Total de préstamos Signatura topográfica completa Código de barras Visto por última vez Precio de reemplazo Tipo de ítem Koha
        Colección de folletos Biblioteca del Ateneo de Madrid Biblioteca del Ateneo de Madrid Depósito folletos 17/01/2008     T-620-F-1 1046784 23/02/2023 23/02/2023 Folleto